|
|
|
|
| LEADER |
02015nam a2200589 i 4500 |
| 001 |
nkc20162773445 |
| 003 |
CZ PrNK |
| 005 |
20191004094229.0 |
| 007 |
ta |
| 008 |
160120s2015 xr a b 000 j cze |
| 015 |
|
|
|a cnb002773445
|
| 020 |
|
|
|a 978-80-252-3578-2
|q (brožováno)
|
| 035 |
|
|
|a (OCoLC)949214200
|
| 040 |
|
|
|a BOA001
|b cze
|e rda
|
| 041 |
1 |
|
|a cze
|h eng
|
| 072 |
|
7 |
|a 821-93
|x Literatura pro děti a mládež (beletrie)
|2 Konspekt
|9 26
|
| 080 |
|
|
|a 821-32
|2 MRF
|
| 080 |
|
|
|a 821-93
|2 MRF
|
| 080 |
|
|
|a (0:82-32)
|2 MRF
|
| 080 |
|
|
|a (076.1)
|2 MRF
|
| 080 |
|
|
|a (084.1.029.2)
|2 MRF
|
| 130 |
0 |
|
|a Jumping jobi wood.
|l Česky
|
| 245 |
1 |
0 |
|a Tomáš a jeho přátelé :
|b vybarvuj, čti si, nalepuj /
|c překlad Roman Sikora
|
| 250 |
|
|
|a První vydání
|
| 264 |
|
1 |
|a Praha :
|b Egmont ČR, s.r.o.,
|c 2015
|
| 300 |
|
|
|a 24 nečíslovaných stran :
|b barevné ilustrace ;
|c 30 cm +
|e 2 listy samolepek
|
| 336 |
|
|
|a text
|b txt
|2 rdacontent
|
| 336 |
|
|
|a statický obraz
|b sti
|2 rdacontent
|
| 337 |
|
|
|a bez média
|b n
|2 rdamedia
|
| 338 |
|
|
|a svazek
|b nc
|2 rdacarrier
|
| 490 |
1 |
|
|a Tomáš a jeho přátelé
|
| 490 |
1 |
|
|a Filmový příběh
|
| 500 |
|
|
|a Přeloženo z angličtiny
|
| 500 |
|
|
|a Listy se samolepkami všity uprostřed publikace
|
| 521 |
8 |
|
|a Nevhodné pro děti do 3 let
|
| 655 |
|
7 |
|a příběhy
|7 fd133204
|2 czenas
|
| 655 |
|
7 |
|a pracovní sešity
|7 fd133116
|2 czenas
|
| 655 |
|
7 |
|a samolepky
|7 fd119297
|2 czenas
|
| 655 |
|
7 |
|a publikace pro děti
|7 fd133156
|2 czenas
|
| 655 |
|
9 |
|a stories
|2 eczenas
|
| 655 |
|
9 |
|a activity books
|2 eczenas
|
| 655 |
|
9 |
|a stickers
|2 eczenas
|
| 655 |
|
9 |
|a children's literature
|2 eczenas
|
| 700 |
1 |
|
|a Sikora, Roman
|7 ola20191052197
|4 trl
|
| 830 |
|
0 |
|a Tomáš a jeho přátelé
|0 s
|
| 830 |
|
0 |
|a Filmový příběh
|0 s
|
| 910 |
2 |
|
|a BOA001
|b 4-1361.547
|
| 928 |
9 |
|
|a Egmont Publishing
|
| 990 |
|
|
|a BK
|
| 995 |
|
|
|a 01
|
| 991 |
|
|
|b 201602
|c NOV
|
| 996 |
6 |
|
|b 2610658662
|c 4-1361.547
|l MZK
|r Sklad / do 1 hodiny
|n 0
|p p.v.
|w 001542735
|u 000010
|a 1
|e BOA001
|j MZK50
|s P
|